| 000 | 01535cam a2200349 a 4500 | ||
|---|---|---|---|
| 001 | 15611339 | ||
| 005 | 20211228093749.0 | ||
| 008 | 090204r20081999enk b 001 0 eng | ||
| 010 | _a2009293309 | ||
| 015 |
_aGBA886920 _2bnb |
||
| 016 | 7 |
_a014557172 _2Uk |
|
| 020 | _a9781845115418 | ||
| 020 | _a1845115414 | ||
| 020 | _a9781845116057 (v. 3) | ||
| 035 | _a(OCoLC)ocn229454284 | ||
| 040 |
_aTPN _cTPN _dBTCTA _dBAKER _dYDXCP _dUKM _dOCLCG _dDLC |
||
| 042 | _alccopycat | ||
| 245 | 0 | 3 |
_aAn anthology of philosophy in Persia _h[electronic resource] / _c[edited by] Seyyed Hossein Nasr with Mehdi Aminrazavi; with the assistance of M. R. Jozi. |
| 260 |
_aLondon ; _aNew York : _bI.B. Tauris publishers : _bThe Institute of Ismaili Studies, _cc2010. |
||
| 300 | _a1 online resource | ||
| 336 | _atext | ||
| 337 | _aunmediated | ||
| 338 | _avolume | ||
| 504 | _aIncludes bibliographical references and indexes. | ||
| 505 | 1 | _av. 1. From Zoroaster to ʻUmar Khayyām -- v. 2. Ismaili thought in the Classical Age -- v. 3. Philosophical theology in the Middle Ages and beyond, from Muʻtazilī and Ashʻarī to Shīʻī texts -- v. 4. From the school of illumination to philosophical mysticism -- v. 5. From the school of Shiraz to the twentieth century | |
| 650 | 0 | _aPhilosophy, Iranian. | |
| 655 | 4 | _aElectronic books | |
| 700 | 1 | _aNasr, Seyyed Hossein. | |
| 700 | 1 |
_aRazavi, Mehdi Amin, _d1957- |
|
| 856 |
_3v.3 _uhttps://drive.google.com/file/d/1F86w6deIR4MwPvrmvFbwSaB2rdpTEjyU/view?usp=sharing |
||
| 942 |
_2lcc _cEBK |
||
| 999 |
_c50936 _d50936 |
||